Statystyki dla Państwa na literę A które kończą się na literę A (Dla GeoMexa)

Kliknij tutaj aby rozwiązać quiz!

Ogólne statystyki

  • Ten quiz został rozwiązany 2 222 razy
  • Średni wynik to 7 z 10

Statystyki odpowiedzi

KontynentPaństwo% Poprawnych
Ameryka PołudniowaArgentyna
86%
EuropaAndora
83%
OceaniaAustralia
83%
EuropaAlbania
82%
EuropaAustria
78%
AzjaArmenia
74%
AfrykaAngola
69%
AfrykaAlgieria
67%
AzjaArabia Saudyjska
61%
Ameryka PółnocnaAntigua i Barbuda
56%

Rozkład punktacji

Percentyl według liczby udzielonych odpowiedzi

Procent ludzi z każdym wynikiem

Twoja historia wyników

Nie rozwiązałeś tego quizu